000 00786nam a2200253Ia 4500
003 OSt
005 20220926010438.0
006 a|||||r|||| 00| 0
007 ta
008 220923b |||||||| |||| 00| 0 eng d
020 _a9788126516049
_c254.15000000000001
037 _b09-00982, 02/05/2009, Atlantic Publisher & Distributers
_cGeneral Book
040 _aRTL
_cRTL
_beng
041 _2eng
_aeng
082 _aX:51-8, M4;P5
100 _aAaker David A
245 0 _aStrategic market management
250 _a7
260 _a New Delhi
_bWiley India
_c2005
300 _axii, 356p.
_ccm.
650 _aCommerce
942 _hX:51-8, M4;P5
_cGB
_2CC
999 _c617271
_d617271